[Event "Opera Euro Rapid Prelim"]
[Site "chess24.com INT"]
[Date "2021.02.06"]
[Round "1.1"]
[White "Vachier-Lagrave, Maxime"]
[Black "Dubov, Daniil"]
[Result "1-0"]
[WhiteTitle "GM"]
[BlackTitle "GM"]
[WhiteElo "2784"]
[BlackElo "2710"]
[WhiteFideId "623539"]
[BlackFideId "24126055"]
[EventDate "2021.02.06"]

1. e4 e5 2. Nf3 Nc6 3. Bc4 Nf6 4. d3 Be7 5. O-O d6 6. a4 O-O 7. Re1 Be6 8. a5 a6
9. h3 h6 10. Nbd2 Nh7 11. Nf1 Ng5 12. Bxg5 Bxg5 13. Bxe6 fxe6 14. c3 Be7 15.
N1h2 Qd7 16. b4 Kh8 17. Ra2 Rad8 18. Rae2 Rf7 19. Re3 Rdf8 20. R1e2 Rf4 21. g3
R4f7 22. Kg2 Bf6 23. Ng4 Qe7 24. h4 h5 25. Nxf6 gxf6 26. d4 Rg7 27. Rb2 Qe8 28.
dxe5 Nxe5 29. Nxe5 dxe5 30. Rd2 Qg6 31. Rd8 Rgg8 32. Rxf8 Rxf8 33. Qd7 Qf7 34.
Rd3 Kg7 35. f3 f5 36. Qxf7+ Rxf7 37. c4 Kf6 38. Rd8 Rg7 39. Rf8+ Rf7 40. Rh8 Kg6
41. Rd8 Kf6 42. b5 Rg7 43. Rf8+ Ke7 44. Rb8 Kd6 45. Rxb7 axb5 46. cxb5 f4 47. a6
Rxg3+ 48. Kf2 Rh3 49. b6 cxb6 50. Rxb6+ Kc5 51. Rxe6 Rh2+ 52. Kg1 Ra2 53. Rxe5+
Kd4 54. Rxh5 Ke3 55. Rh6 Kxf3 56. h5 Kxe4 57. Re6+ Kf5 58. h6 Ra1+ 59. Kf2 Ra2+
60. Ke1 Ra1+ 61. Kd2 Ra2+ 62. Kc3 Ra1 63. h7 Rh1 64. a7 Rh3+ 65. Kc4 1-0

[Event "Opera Euro Rapid Prelim"]
[Site "chess24.com INT"]
[Date "2021.02.06"]
[Round "1.2"]
[White "So, Wesley"]
[Black "Carlsen, Magnus"]
[Result "1-0"]
[WhiteTitle "GM"]
[BlackTitle "GM"]
[WhiteElo "2770"]
[BlackElo "2862"]
[WhiteFideId "5202213"]
[BlackFideId "1503014"]
[EventDate "2021.02.06"]

1. e4 c5 2. Nf3 d6 3. Bb5+ Bd7 4. Bxd7+ Qxd7 5. c4 Nf6 6. Nc3 g6 7. d4 cxd4 8.
Nxd4 Bg7 9. f3 O-O 10. Be3 Rc8 11. b3 Nc6 12. O-O Qd8 13. Qd2 Qa5 14. Rfd1 Nd7
15. Nde2 a6 16. a4 e6 17. Rab1 Rd8 18. Bg5 Re8 19. Bf4 Nde5 20. h3 Rad8 21. Kh2
Qb4 22. Bg5 f6 23. Be3 Nf7 24. f4 f5 25. exf5 gxf5 26. Nd4 d5 27. cxd5 exd5 28.
Bg1 Nd6 29. Qd3 Ne4 30. Nce2 Nxd4 31. Bxd4 Bxd4 32. Nxd4 Kh8 33. Rbc1 Qd6 34.
Qe3 Ng5 35. Qf2 Ne4 36. Qh4 Rf8 37. Rc2 Qg6 38. Rc7 Rg8 39. Rg1 Rc8 40. Rxb7 Rc3
41. Ne6 Rc2 42. Ng5 Rg7 43. Rb8+ Rg8 44. Rxg8+ Kxg8 45. Nxe4 dxe4 46. Kh1 Kg7
47. g4 Kf7 48. gxf5 Qxf5 49. Rg5 Rc1+ 50. Kg2 Rc2+ 51. Kf1 Rc1+ 52. Ke2 Rc2+ 53.
Ke1 1-0

[Event "Opera Euro Rapid Prelim"]
[Site "chess24.com INT"]
[Date "2021.02.06"]
[Round "1.3"]
[White "Aronian, Levon"]
[Black "Ding, Liren"]
[Result "1-0"]
[WhiteTitle "GM"]
[BlackTitle "GM"]
[WhiteElo "2781"]
[BlackElo "2791"]
[WhiteFideId "13300474"]
[BlackFideId "8603677"]
[EventDate "2021.02.06"]

1. e4 c5 2. Nf3 d6 3. d4 cxd4 4. Nxd4 Nf6 5. Nc3 a6 6. Bc4 e6 7. Be3 b5 8. Bb3
Be7 9. a3 O-O 10. h4 Bb7 11. h5 h6 12. f3 Nc6 13. Qe2 Na5 14. g4 Rc8 15. g5 hxg5
16. h6 g6 17. h7+ Kh8 18. Bxe6 fxe6 19. Nxe6 Qd7 20. Nxf8 Bxf8 21. O-O-O Rxc3
22. bxc3 Qe6 23. Bxg5 Nh5 24. Rxh5 gxh5 25. e5 Kxh7 26. Qd3+ Qg6 27. exd6 Bxd6
28. Qxd6 Qxg5+ 29. f4 Qg7 30. Qd3+ Kh6 31. Qd6+ Kh7 32. Qd8 Nc6 33. Qe8 1-0

[Event "Opera Euro Rapid Prelim"]
[Site "chess24.com INT"]
[Date "2021.02.06"]
[Round "1.4"]
[White "Bluebaum, Matthias"]
[Black "Radjabov, Teimour"]
[Result "1/2-1/2"]
[WhiteTitle "GM"]
[BlackTitle "GM"]
[WhiteElo "2670"]
[BlackElo "2765"]
[WhiteFideId "24651516"]
[BlackFideId "13400924"]
[EventDate "2021.02.06"]

1. d4 Nf6 2. Nf3 e6 3. e3 d5 4. Bd3 c5 5. b3 Nc6 6. O-O Bd6 7. Bb2 Qc7 8. dxc5
Bxc5 9. c4 dxc4 10. Bxc4 O-O 11. a3 Rd8 12. Qc2 Be7 13. b4 Bd7 14. Nbd2 Rac8 15.
Rac1 Qb8 16. Qb1 h6 17. Nb3 a6 18. h3 Be8 19. Qa1 Na7 20. Be5 Qa8 21. Nbd4 Nc6
22. Nxe6 Nxe5 23. Nxe5 Rxc4 24. Nxc4 fxe6 25. Qe5 Bf8 26. Qxe6+ Bf7 27. Qf5 Rd5
28. Nb6 Rxf5 29. Nxa8 a5 30. Rc8 axb4 31. axb4 Rb5 32. Rb1 Ne8 33. Rd1 Rxb4 34.
Rdd8 Be7 35. Rxe8+ Bxe8 36. Rxe8+ Kf7 37. Rc8 Rb1+ 38. Kh2 Ke6 39. f4 Rb3 40.
Rc2 Rxe3 41. Nc7+ Kf7 42. Nd5 Rd3 43. Nxe7 Kxe7 44. Rb2 Rd7 45. Kg3 Kd6 46. Kg4
Kc5 47. Rc2+ Kb4 48. Rb2+ Kc4 49. Rb6 Kc5 50. Rb1 b5 51. Rc1+ Kd5 52. Kf5 b4 53.
Kg6 Ke4 54. g4 Kxf4 55. Rc4+ Kg3 56. Rxb4 Kxh3 57. Rc4 Kg3 58. Rb4 Rc7 59. Ra4
Rb7 60. Rc4 Rb6+ 61. Kxg7 Kh4 62. Kf7 Kg5 63. Ra4 Rb7+ 64. Ke6 Rg7 65. Ra1 Rc7
66. Ra4 Rb7 67. Rc4 Ra7 68. Rb4 Kg6 69. Ke5 Rf7 70. Rb8 Kg5 71. Rg8+ Kh4 72. Rh8
Kxg4 73. Rxh6 Kg5 74. Re6 Rf5+ 75. Kd6 Rf6 76. Ke5 Rf5+ 77. Kd6 Rf6 78. Ke5
Rxe6+ 79. Kxe6 1/2-1/2

[Event "Opera Euro Rapid Prelim"]
[Site "chess24.com INT"]
[Date "2021.02.06"]
[Round "1.5"]
[White "Shankland, Sam"]
[Black "Vidit, Santosh Gujrathi"]
[Result "1-0"]
[WhiteTitle "GM"]
[BlackTitle "GM"]
[WhiteElo "2691"]
[BlackElo "2726"]
[WhiteFideId "2004887"]
[BlackFideId "5029465"]
[EventDate "2021.02.06"]

1. d4 Nf6 2. c4 e6 3. Nf3 d5 4. Nc3 c5 5. cxd5 cxd4 6. Qxd4 exd5 7. Bg5 Be7 8.
e3 O-O 9. Qa4 h6 10. Bh4 Be6 11. Bd3 Nc6 12. O-O Qb6 13. Ne2 Bd7 14. Qb5 Nb4 15.
Qxb6 axb6 16. Bb1 g5 17. Bg3 Ne4 18. Rd1 Ba4 19. Rc1 Rfc8 20. Nc3 Nxc3 21. bxc3
Nc6 22. Bf5 Re8 23. Rab1 Ba3 24. Re1 b5 25. h4 gxh4 26. Nxh4 Bf8 27. Bd3 b4 28.
Rec1 bxc3 29. Rxb7 d4 30. Nf5 dxe3 31. fxe3 Nb4 32. Bc4 Kh8 33. Rxc3 Rac8 34.
Bh4 Bc6 35. Bf6+ Kh7 36. Rxf7+ Kg6 37. Nh4+ Kh5 38. Be2+ 1-0

[Event "Opera Euro Rapid Prelim"]
[Site "chess24.com INT"]
[Date "2021.02.06"]
[Round "1.6"]
[White "Dominguez Perez, Leinier"]
[Black "Nakamura, Hikaru"]
[Result "1/2-1/2"]
[WhiteTitle "GM"]
[BlackTitle "GM"]
[WhiteElo "2758"]
[BlackElo "2736"]
[WhiteFideId "3503240"]
[BlackFideId "2016192"]
[EventDate "2021.02.06"]

1. e4 e5 2. Nf3 Nc6 3. Bb5 a6 4. Ba4 g6 5. d4 b5 6. Bb3 exd4 7. Nxd4 Na5 8. a4
b4 9. Bd5 c6 10. Ba2 Bg7 11. O-O Ne7 12. c3 c5 13. Nb3 Nxb3 14. Qxb3 O-O 15.
cxb4 Rb8 16. b5 Nc6 17. Bf4 Rb6 18. Nc3 Nd4 19. Qd1 axb5 20. axb5 Nxb5 21. Nxb5
Rxb5 22. Bd6 Re8 23. Bc4 Rxb2 24. Ra8 Rb6 25. Qd5 Qf6 26. e5 Qf5 27. f4 Bf8 28.
Bxf8 Rxf8 29. Qxc5 Rc6 30. Qd4 Qc2 31. Bd5 Rc3 32. Rd1 Rc7 33. Ra2 Qc5 34. Qxc5
Rxc5 35. g3 Kg7 36. Ra7 Re8 37. Rd2 h5 38. h4 Kf8 39. Kf2 Ke7 40. Bg2 f6 41. Bh3
fxe5 42. Bxd7 Bxd7 43. Raxd7+ Ke6 44. R7d6+ Kf7 45. Rd7+ Kf6 46. R7d6+ Kf7 47.
Rd7+ Kf6 48. R7d6+ Kf7 1/2-1/2

[Event "Opera Euro Rapid Prelim"]
[Site "chess24.com INT"]
[Date "2021.02.06"]
[Round "1.7"]
[White "Duda, Jan-Krzysztof"]
[Black "Nepomniachtchi, Ian"]
[Result "0-1"]
[WhiteTitle "GM"]
[BlackTitle "GM"]
[WhiteElo "2743"]
[BlackElo "2789"]
[WhiteFideId "1170546"]
[BlackFideId "4168119"]
[EventDate "2021.02.06"]

1. d4 Nf6 2. c4 g6 3. Nc3 d5 4. cxd5 Nxd5 5. e4 Nxc3 6. bxc3 Bg7 7. Bc4 c5 8.
Ne2 O-O 9. O-O Nc6 10. Be3 b6 11. Qd2 Bb7 12. Rac1 Rc8 13. Rfd1 e6 14. Bb5 cxd4
15. cxd4 Na5 16. f3 Qe7 17. Bg5 Qa3 18. h4 a6 19. Bd3 Nc6 20. Bb1 Na5 21. Bd3
Nc6 22. e5 Nb4 23. Bc4 Rfe8 24. h5 b5 25. Rc3 Qa5 26. Bb3 Rxc3 27. Nxc3 Qb6 28.
Be3 Nd5 29. Nxd5 Bxd5 30. Bxd5 exd5 31. h6 Bf8 32. Rc1 b4 33. Kf2 a5 34. Qc2 Ra8
35. Qa4 Qd8 36. Qc6 a4 37. e6 Ra7 38. exf7+ Kxf7 39. Bf4 Qd7 40. Qb6 Rb7 41. Qa6
b3 42. axb3 axb3 43. Be5 Be7 44. Rc6 Ra7 45. Qb6 Rb7 46. Qa6 Ra7 47. Qb6 Ra2+
48. Ke3 Qf5 49. Rc7 Qg5+ 50. Bf4 Qh4 51. g3 Qf6 52. Qxb3 Ra5 53. Be5 Qa6 54. Qd3
Qb6 55. Kf4 Ra2 56. g4 Qb2 57. Qd1 Ke6 58. Qh1 Qd2+ 59. Kg3 Qf2+ 0-1

[Event "Opera Euro Rapid Prelim"]
[Site "chess24.com INT"]
[Date "2021.02.06"]
[Round "1.8"]
[White "Grischuk, Alexander"]
[Black "Giri, Anish"]
[Result "1/2-1/2"]
[WhiteTitle "GM"]
[BlackTitle "GM"]
[WhiteElo "2777"]
[BlackElo "2764"]
[WhiteFideId "4126025"]
[BlackFideId "24116068"]
[EventDate "2021.02.06"]

1. e4 e5 2. Nf3 Nc6 3. Bb5 Nf6 4. Kf1 Nxe4 5. d3 Nf6 6. Bxc6 dxc6 7. Nxe5 Bd6 8.
Nc4 Be7 9. Nc3 O-O 10. h3 Nd5 11. Bd2 Be6 12. Kg1 b5 13. Ne3 Bf6 14. Ncxd5 cxd5
15. Bb4 Re8 16. d4 Bg5 17. Qf3 a5 18. Bc5 Bxe3 19. Qxe3 Bf5 20. Qd2 c6 21. Qf4
Bxc2 22. Kh2 Qd7 23. Rhe1 a4 24. Bb4 f6 25. f3 Bg6 26. Rxe8+ Rxe8 27. Re1 Rxe1
28. Bxe1 Qe7 29. Qd2 a3 30. bxa3 Qxa3 31. Qc3 Qd6+ 32. Bg3 Qe6 33. a3 h6 34. Qe1
Qd7 35. Qc3 Kh7 36. Qe3 Bb1 37. Be1 Bg6 38. Bb4 Qc7+ 39. Kg1 Bf5 40. Qe1 Qf4 41.
Qd2 Qg3 42. Qf2 Qg5 43. Qd2 Qg6 44. Kh2 Bd3 45. Qf4 Qe8 46. Qc7 Bf1 47. Be7 Qg6
48. Qg3 Qf7 49. Bb4 Bd3 50. Qd6 Qe8 51. Qc7 Bf5 52. Qe7 1/2-1/2

[Event "Opera Euro Rapid Prelim"]
[Site "chess24.com INT"]
[Date "2021.02.06"]
[Round "2.1"]
[White "Dubov, Daniil"]
[Black "Giri, Anish"]
[Result "1/2-1/2"]
[WhiteTitle "GM"]
[BlackTitle "GM"]
[WhiteElo "2710"]
[BlackElo "2764"]
[WhiteFideId "24126055"]
[BlackFideId "24116068"]
[EventDate "2021.02.06"]

1. e4 e5 2. Bc4 Nf6 3. d4 exd4 4. Nf3 Nc6 5. O-O Nxe4 6. Re1 d5 7. Bxd5 Qxd5 8.
Nc3 Qd8 9. Rxe4+ Be7 10. Nxd4 O-O 11. Bf4 Bf6 12. Nxc6 Qxd1+ 13. Rxd1 bxc6 14.
Rc4 Bf5 15. Rxc6 Bxc2 16. Rd2 Bf5 17. Nd5 Bd8 18. Bxc7 Re8 19. h3 Be6 20. Rc3
Bg5 21. f4 Bh4 22. g3 Be7 23. g4 Rac8 24. Be5 Bc5+ 25. Kg2 f5 26. g5 Kf7 27. Nc7
Rxc7 28. Bxc7 Bb4 29. Be5 Bxc3 30. bxc3 Re7 31. a4 Rd7 32. Bd4 a5 33. Kg3 Bb3
34. Rb2 Bxa4 35. Ra2 Bb3 36. Rxa5 Bd5 37. h4 g6 38. h5 gxh5 39. Kh4 Ke8 40. Bf6
Be6 41. Kxh5 Bf7+ 42. Kh6 Bg6 43. c4 Kf7 44. c5 Rd1 45. Ra7+ Kf8 46. Ra8+ Kf7
47. Ra7+ Kf8 48. Ra1 Rd2 49. Ra8+ Kf7 50. Ra7+ Kf8 51. Ra8+ Kf7 52. Ra7+ Kf8 53.
Ra8+ 1/2-1/2

[Event "Opera Euro Rapid Prelim"]
[Site "chess24.com INT"]
[Date "2021.02.06"]
[Round "2.2"]
[White "Nepomniachtchi, Ian"]
[Black "Grischuk, Alexander"]
[Result "1-0"]
[WhiteTitle "GM"]
[BlackTitle "GM"]
[WhiteElo "2789"]
[BlackElo "2777"]
[WhiteFideId "4168119"]
[BlackFideId "4126025"]
[EventDate "2021.02.06"]

1. e4 c5 2. Nf3 d6 3. d4 cxd4 4. Nxd4 Nf6 5. Nc3 a6 6. Bg5 Nbd7 7. Qe2 h6 8. Bh4
g6 9. O-O-O e5 10. Nb3 Be7 11. Kb1 b5 12. f3 Bb7 13. a3 Rc8 14. Qd2 Kf8 15. Bf2
Kg7 16. g4 Nb6 17. h4 d5 18. Bxb6 Qxb6 19. Nxd5 Nxd5 20. exd5 Rhd8 21. Bd3 Bxd5
22. Qe2 Qf6 23. Nd2 Qf4 24. h5 g5 25. Rhe1 b4 26. Qxe5+ Qxe5 27. Rxe5 Bf6 28.
Rxd5 Rxd5 29. axb4 Rb8 30. Bc4 Rd6 31. c3 Rbd8 32. Kc2 Be5 33. Be2 Bf4 34. Ne4
Rxd1 35. Bxd1 Re8 36. Nc5 Rd8 37. Ne4 Re8 38. Kd3 Rd8+ 39. Ke2 Bc1 40. b3 Bf4
41. Bc2 Kf8 42. Bd3 Ra8 43. Nc5 a5 44. b5 Ke7 45. c4 Kd6 46. Na4 Ke5 47. c5 Kd4
48. Be4 Re8 49. Kf2 Re5 50. b6 Rxc5 51. Nxc5 Kxc5 52. b7 Kd4 53. Ke2 Kc3 54. Bd5
Kd4 55. Bxf7 Bb8 56. Kd2 Bf4+ 57. Kc2 Be5 58. Kb2 Bd6 59. Bg8 Kd3 60. Bf7 Kd4
61. Bg6 Bc7 62. Ka3 Kc5 63. Ka4 Kb6 64. Be4 Bd6 65. Bd5 Ka6 66. Be6 Kb6 67. Bc8
Bf4 68. Ka3 Kc5 69. Bf5 Bd6 70. Ka4 Kb6 71. Bc8 Bf4 72. b4 axb4 73. Kxb4 Kc6 74.
Kc4 Be5 75. Bf5 Kxb7 76. Kd5 Bb2 77. Ke6 Kc7 78. Kf7 Kd6 79. Kg6 Ke7 80. Kxh6
Kf6 81. Bc2 Ba3 82. Kh7 Bf8 83. Bb3 Bg7 84. h6 Bf8 85. Ba2 1-0

[Event "Opera Euro Rapid Prelim"]
[Site "chess24.com INT"]
[Date "2021.02.06"]
[Round "2.3"]
[White "Nakamura, Hikaru"]
[Black "Duda, Jan-Krzysztof"]
[Result "1/2-1/2"]
[WhiteTitle "GM"]
[BlackTitle "GM"]
[WhiteElo "2736"]
[BlackElo "2743"]
[WhiteFideId "2016192"]
[BlackFideId "1170546"]
[EventDate "2021.02.06"]

1. d4 Nf6 2. c4 e6 3. Nf3 d5 4. Nc3 c5 5. cxd5 Nxd5 6. e3 Nc6 7. Bb5 Be7 8. Ne5
Bd7 9. Nxd7 Qxd7 10. O-O cxd4 11. exd4 a6 12. Be2 Bf6 13. Bf3 Nce7 14. Ne4 O-O
15. Nxf6+ Nxf6 16. Bg5 Nfd5 17. Qb3 Nf5 18. Be3 Rac8 19. Rac1 Nfe7 20. Bg5 Rxc1
21. Rxc1 Rc8 22. Rxc8+ Qxc8 23. g3 f6 24. Bd2 Qd7 25. Be4 g6 26. Bb4 Kf7 27.
Bxe7 Kxe7 28. Kf1 Qc6 29. Bxd5 Qxd5 30. Qxd5 exd5 31. Ke2 Ke6 32. Ke3 g5 33. g4
a5 34. a4 Kd6 35. Kd3 Ke6 36. Ke3 Kd6 37. Kd3 Ke6 38. Ke3 Kd6 1/2-1/2

[Event "Opera Euro Rapid Prelim"]
[Site "chess24.com INT"]
[Date "2021.02.06"]
[Round "2.4"]
[White "Vidit, Santosh Gujrathi"]
[Black "Dominguez Perez, Leinier"]
[Result "1-0"]
[WhiteTitle "GM"]
[BlackTitle "GM"]
[WhiteElo "2726"]
[BlackElo "2758"]
[WhiteFideId "5029465"]
[BlackFideId "3503240"]
[EventDate "2021.02.06"]

1. d4 Nf6 2. c4 e6 3. Nc3 Bb4 4. e3 O-O 5. Bd2 d5 6. Nf3 b6 7. cxd5 exd5 8. Rc1
Bb7 9. Bd3 Re8 10. O-O Bf8 11. Ne5 c5 12. f4 Nc6 13. Ne2 Rc8 14. Be1 cxd4 15.
exd4 Ne4 16. Bb5 Re6 17. h3 f6 18. Nxc6 Bxc6 19. Ba6 Rc7 20. f5 Re8 21. Nf4 Ba4
22. b3 Rxc1 23. Qxc1 Bd7 24. Nxd5 Bd6 25. Bd3 Qb8 26. Nc3 Nxc3 27. Bxc3 Bh2+ 28.
Kh1 Bg3 29. Bd2 Rc8 30. Bc4+ Kh8 31. Qd1 Qd6 32. Qg4 Re8 33. Be6 Bxe6 34. fxe6
Rxe6 35. Bb4 Qxb4 36. Qxe6 h6 37. Qc8+ Kh7 38. Qf5+ Kg8 39. Qd5+ Kh7 40. Qe4+
Kg8 41. Rc1 Kf7 42. Qd3 Qd6 43. Rc3 Bf2 44. Qc4+ Kg6 45. Rf3 Bh4 46. d5 Bg5 47.
h4 1-0

[Event "Opera Euro Rapid Prelim"]
[Site "chess24.com INT"]
[Date "2021.02.06"]
[Round "2.5"]
[White "Radjabov, Teimour"]
[Black "Shankland, Sam"]
[Result "1-0"]
[WhiteTitle "GM"]
[BlackTitle "GM"]
[WhiteElo "2765"]
[BlackElo "2691"]
[WhiteFideId "13400924"]
[BlackFideId "2004887"]
[EventDate "2021.02.06"]

1. Nf3 d5 2. d4 Nf6 3. c4 c6 4. Qc2 dxc4 5. Qxc4 Bf5 6. g3 e6 7. Bg2 Be7 8. O-O
O-O 9. Nc3 Nbd7 10. Bf4 Qb6 11. Nh4 Bg4 12. e4 Rfe8 13. h3 Bh5 14. Rab1 Bf8 15.
Be3 e5 16. d5 Qb4 17. Qxb4 Bxb4 18. dxc6 bxc6 19. Rfc1 Rec8 20. Nf5 Bg6 21. a3
Bf8 22. Na4 c5 23. Rc2 Nd5 24. Bd2 N5b6 25. Nc3 c4 26. Be3 Nc5 27. g4 Rab8 28.
Bf1 Rd8 29. Nb5 Rd7 30. Bxc5 Bxc5 31. b4 Bd4 32. Bxc4 Bxf5 33. exf5 Nxc4 34.
Rxc4 Bb6 35. Nc3 Rd3 36. Kg2 Bd4 37. Rc1 f6 38. Rc2 h5 39. Ne4 hxg4 40. hxg4
Rxa3 41. g5 Ra6 42. Rc8+ Rxc8 43. Rxc8+ Kf7 44. g6+ Ke7 45. Rg8 1-0

[Event "Opera Euro Rapid Prelim"]
[Site "chess24.com INT"]
[Date "2021.02.06"]
[Round "2.6"]
[White "Ding, Liren"]
[Black "Bluebaum, Matthias"]
[Result "1/2-1/2"]
[WhiteTitle "GM"]
[BlackTitle "GM"]
[WhiteElo "2791"]
[BlackElo "2670"]
[WhiteFideId "8603677"]
[BlackFideId "24651516"]
[EventDate "2021.02.06"]

1. c4 e6 2. Nc3 d5 3. d4 Nf6 4. cxd5 exd5 5. Bg5 c6 6. e3 h6 7. Bh4 Be7 8. Bd3
O-O 9. Nge2 Re8 10. O-O a5 11. Rc1 Nbd7 12. f3 b5 13. Bf2 Nb6 14. Ng3 Bf8 15. h3
Nc4 16. Bxc4 dxc4 17. e4 b4 18. Na4 Ba6 19. Re1 g6 20. Nf1 Nh5 21. Be3 Bg7 22.
Nc5 Bb5 23. a4 bxa3 24. bxa3 a4 25. e5 Bf8 26. Nd2 Bxc5 27. dxc5 Rxe5 28. Ne4
Qxd1 29. Rcxd1 g5 30. g4 Ng7 31. Bd4 Re6 32. Bc3 Kh7 33. Rd7 Kg6 34. h4 h5 35.
gxh5+ Nxh5 36. hxg5 Nf4 37. Kh2 Nd5 38. Bd4 c3 39. Rc1 Bd3 40. Nxc3 Nxc3 41.
Rxc3 Bf5 42. Kg3 Kxg5 43. Rxf7 Rg8 44. Re3 Kg6 45. Rc7 Rxe3 46. Bxe3 Rc8 47. Ra7
Bc2 48. Rd7 Kf6 49. Bd4+ Ke6 50. Rd6+ Ke7 51. Bf6+ Kf7 52. f4 Be4 53. Kg4 Rb8
54. f5 Rb3 55. Be5 Rd3 56. Rf6+ Kg8 57. Rg6+ Kf8 58. Re6 Bd5 59. Rf6+ Ke7 60.
Rh6 Rxa3 61. Rh7+ Ke8 62. f6 Rf3 63. Re7+ Kd8 64. Ra7 a3 65. Bf4 a2 66. f7 Rxf4+
67. Kxf4 Bxf7 68. Ke5 Kc8 69. Kd6 Bd5 70. Ra3 Kb7 71. Kd7 Bc4 72. Kd6 Bd5 73.
Ke5 Bc4 74. Kd4 Bd5 75. Kc3 Be6 76. Kb2 Bd5 77. Kc3 Be6 1/2-1/2

[Event "Opera Euro Rapid Prelim"]
[Site "chess24.com INT"]
[Date "2021.02.06"]
[Round "2.7"]
[White "Carlsen, Magnus"]
[Black "Aronian, Levon"]
[Result "1-0"]
[WhiteTitle "GM"]
[BlackTitle "GM"]
[WhiteElo "2862"]
[BlackElo "2781"]
[WhiteFideId "1503014"]
[BlackFideId "13300474"]
[EventDate "2021.02.06"]

1. d4 Nf6 2. c4 e6 3. Nf3 d5 4. Nc3 Bb4 5. cxd5 exd5 6. Bg5 h6 7. Bh4 O-O 8. e3
Bf5 9. Bd3 Bxd3 10. Qxd3 Nbd7 11. Qb5 Bxc3+ 12. bxc3 Nb6 13. Nd2 Qd7 14. Qxd7
Nfxd7 15. a4 a5 16. Ke2 Rfe8 17. Rhb1 Re6 18. Bg3 c5 19. Rb5 c4 20. Bc7 Rc6 21.
Bxb6 Nxb6 22. g4 Kf8 23. h4 Ke8 24. e4 Rd8 25. e5 f6 26. f4 g5 27. hxg5 hxg5 28.
f5 fxe5 29. dxe5 d4 30. Rh1 dxc3 31. Ne4 c2 32. e6 Rd4 33. Re5 Nd5 34. Rxd5
Rxe4+ 35. Kd2 Rxg4 36. Rh8+ Ke7 37. Rh7+ Ke8 38. f6 c1=Q+ 39. Kxc1 Rg1+ 40. Kc2
Rg2+ 41. Kd1 Rg1+ 42. Kc2 Rg2+ 43. Kc3 Rg3+ 44. Kd4 Rd3+ 45. Ke5 Re3+ 46. Kf5
Rcxe6 47. Rh8+ 1-0

[Event "Opera Euro Rapid Prelim"]
[Site "chess24.com INT"]
[Date "2021.02.06"]
[Round "2.8"]
[White "Vachier-Lagrave, Maxime"]
[Black "So, Wesley"]
[Result "1-0"]
[WhiteTitle "GM"]
[BlackTitle "GM"]
[WhiteElo "2784"]
[BlackElo "2770"]
[WhiteFideId "623539"]
[BlackFideId "5202213"]
[EventDate "2021.02.06"]

1. e4 e5 2. Nf3 Nc6 3. Bb5 Nf6 4. d3 Bc5 5. Bxc6 dxc6 6. Nbd2 Be6 7. O-O Bd6 8.
Nb3 b6 9. d4 Nd7 10. dxe5 Nxe5 11. Nxe5 Bxe5 12. Qh5 Bf6 13. Rd1 Qc8 14. h3 O-O
15. e5 g6 16. Qe2 Bg7 17. Bf4 c5 18. Nd2 Qb7 19. Ne4 Bd5 20. Nf6+ Bxf6 21. exf6
Bxg2 22. Qg4 Qf3 23. Bh6 Qxg4 24. hxg4 Bf3 25. Bxf8 Bxd1 26. Rxd1 Rxf8 27. Rd7
g5 28. Rxc7 h6 29. Rxa7 Rd8 30. Ra6 Rd2 31. Rxb6 Rxc2 32. Kg2 Kh7 33. Kf3 Rc4
34. Rc6 Kg6 35. b3 Rc2 36. b4 Rc3+ 37. Ke2 Rc4 38. b5 Rxg4 39. a3 Rg1 40. b6 Ra1
41. Rc8 Rb1 42. Rb8 h5 43. b7 Kh7 44. a4 h4 45. Kf3 h3 46. Kg3 g4 47. a5 Rb3+
48. Kh2 Rb2 49. a6 Rxf2+ 50. Kg3 Rg2+ 51. Kf4 h2 52. Rh8+ Kxh8 53. b8=Q+ Kh7 54.
Qf8 1-0

[Event "Opera Euro Rapid Prelim"]
[Site "chess24.com INT"]
[Date "2021.02.06"]
[Round "3.1"]
[White "So, Wesley"]
[Black "Dubov, Daniil"]
[Result "1-0"]
[WhiteTitle "GM"]
[BlackTitle "GM"]
[WhiteElo "2770"]
[BlackElo "2710"]
[WhiteFideId "5202213"]
[BlackFideId "24126055"]
[EventDate "2021.02.06"]

1. e4 c5 2. Nf3 Nc6 3. Bb5 e6 4. O-O Nge7 5. d4 cxd4 6. Nxd4 Ng6 7. Be3 Qc7 8.
Be2 Be7 9. c4 O-O 10. Nc3 b6 11. Rc1 Nxd4 12. Qxd4 Bb7 13. g3 Bf6 14. Qd3 Bxc3
15. Rxc3 f5 16. exf5 Rxf5 17. f3 Raf8 18. Qd1 Ne5 19. Bd4 g5 20. Qd2 g4 21. f4
Qc6 22. Kf2 Ng6 23. Bxg4 e5 24. Bxf5 exd4 25. Qxd4 Rxf5 26. Re3 Rc5 27. b3 b5
28. Re8+ Kf7 29. Rd8 Nf8 30. Rb8 Ne6 31. Qd3 Rh5 32. h4 bxc4 33. bxc4 Qc7 34.
Rh8 Qb6+ 35. Ke1 Nc5 36. Qe2 Qa5+ 37. Kf2 Ne4+ 38. Kg1 Qb6+ 39. Kh2 Qg6 40. Rf3
Qg4 41. Re3 Qxe2+ 42. Rxe2 Bc6 43. Kh3 Kg7 44. Re8 d5 45. Re7+ Kf8 46. Rc7 Rh6
47. cxd5 Bxd5 48. Rb2 Nd6 49. Rb8+ Ne8 50. Rxa7 Rc6 51. Rxh7 Be6+ 52. g4 Rc3+
53. Kh2 Bg8 54. Rh8 Re3 55. a4 Kg7 56. Rh5 Nf6 57. Rg5+ Kf7 58. a5 Bh7 59. Rb7+
Kf8 60. Rb6 Kf7 61. f5 Ne4 62. a6 Re2+ 63. Kg1 Nd2 64. Rb7+ Kf6 65. Rxh7 Nf3+
66. Kf1 Rd2 67. Rh6+ Ke5 68. f6+ Kf4 69. Rf5+ Kg3 70. Rxf3+ Kxf3 71. Ke1 1-0

[Event "Opera Euro Rapid Prelim"]
[Site "chess24.com INT"]
[Date "2021.02.06"]
[Round "3.2"]
[White "Aronian, Levon"]
[Black "Vachier-Lagrave, Maxime"]
[Result "1-0"]
[WhiteTitle "GM"]
[BlackTitle "GM"]
[WhiteElo "2781"]
[BlackElo "2784"]
[WhiteFideId "13300474"]
[BlackFideId "623539"]
[EventDate "2021.02.06"]

1. e4 c5 2. Nf3 d6 3. d4 cxd4 4. Nxd4 Nf6 5. Nc3 Nc6 6. Bg5 e6 7. Qd2 a6 8.
O-O-O Bd7 9. f4 Be7 10. Nf3 b5 11. Kb1 b4 12. Bxf6 Bxf6 13. Ne2 Be7 14. f5 exf5
15. exf5 Bxf5 16. Nf4 O-O 17. Bd3 Bxd3 18. Qxd3 Re8 19. h4 Ne5 20. Qb3 Qc8 21.
Nd5 Rb8 22. Rd4 a5 23. Rf4 Bf8 24. Ng5 Qb7 25. Rd1 h6 26. Nf3 a4 27. Qxb4 Nxf3
28. Qxb7 Nd2+ 29. Kc1 Rxb7 30. Rxd2 a3 31. b4 Re1+ 32. Rd1 Re2 33. g3 g6 34. Rf3
Ra7 35. Rdd3 Re5 36. c4 Re1+ 37. Kd2 Ra1 38. Rxa3 Rxa2+ 39. Rxa2 Rxa2+ 40. Kc1
Bg7 41. b5 Ra4 42. b6 Rxc4+ 43. Kb1 Ra4 44. Rb3 1-0

[Event "Opera Euro Rapid Prelim"]
[Site "chess24.com INT"]
[Date "2021.02.06"]
[Round "3.3"]
[White "Bluebaum, Matthias"]
[Black "Carlsen, Magnus"]
[Result "0-1"]
[WhiteTitle "GM"]
[BlackTitle "GM"]
[WhiteElo "2670"]
[BlackElo "2862"]
[WhiteFideId "24651516"]
[BlackFideId "1503014"]
[EventDate "2021.02.06"]

1. d4 d5 2. Nf3 e6 3. e3 Nf6 4. Bd3 c5 5. b3 Nc6 6. O-O b6 7. Bb2 Bb7 8. Nbd2
Rc8 9. a3 cxd4 10. exd4 g6 11. Qe2 Bg7 12. Ne5 O-O 13. Rac1 Ne7 14. a4 Nf5 15.
c3 Re8 16. Ba3 Qc7 17. Rc2 Ne4 18. Bb2 f6 19. Nef3 e5 20. dxe5 Nxd2 21. Qxd2
fxe5 22. Bxf5 gxf5 23. Nh4 f4 24. Nf5 Bf6 25. c4 d4 26. Nh6+ Kh8 27. f3 Rcd8 28.
Rcc1 Bc8 29. h3 Qg7 30. Ng4 Bh4 31. Rcd1 h5 32. Nxe5 Rxe5 33. Bxd4 Rxd4 34. Qxd4
Bxh3 35. Rd2 Kh7 36. Rfd1 Bf5 37. b4 Be7 38. Qb2 Re3 39. Qxg7+ Kxg7 40. c5 bxc5
41. bxc5 Bxc5 42. Rd5 Rc3+ 43. Kh2 Kf6 44. a5 Bf2 45. Kh1 Ra3 46. Rd6+ Be6 47.
Ra6 Ke5 48. Rc1 h4 49. Rb1 Bc4 50. Rh6 Bg3 51. Rd1 Bd3 52. a6 Bf5 53. Rc1 Kd4
54. Rf6 Bd3 55. Re6 Bxa6 56. Rd6+ Ke3 57. Re6+ Kd2 0-1